Yüklüyor......
Kalpana aur chayavad /
| Yazar: | |
|---|---|
| Dil: | Undetermined |
| Baskı/Yayın Bilgisi: |
1957.
|
| LEADER | 00369nam a2200121Ia 4500 | ||
|---|---|---|---|
| 001 | 38799 | ||
| 008 | 170722s9999 xx 000 0 und d | ||
| 100 | |a Simha, Kedaarnath | ||
| 245 | |a Kalpana aur chayavad / | ||
| 260 | |c 1957. | ||
| 942 | |c GEN | ||
| 999 | |c 86003 |d 86003 | ||
| 952 | |0 0 |1 0 |4 0 |6 O_G_152J72 |7 0 |8 LC1 |9 120337 |a LIB |b LIB |d 2017-08-12 |h LC1 |o O:g 152J72 |p 151045 |r 2017-08-12 |w 2017-08-12 |y GEN | ||